| 000 | 00668nam a2200205 a 4500 | ||
|---|---|---|---|
| 001 | 000036093 | ||
| 005 | 20200930074854.0 | ||
| 008 | 111207s1983 mx 000 0 spa d | ||
| 020 | _a9682606624 | ||
| 040 |
_aDO-SdBNP _bspa _cBNPHU |
||
| 082 |
_axxxx _bL666c |
||
| 100 | 1 |
_aLevitt, Theodore _962131 |
|
| 240 | 1 | 0 |
_aThe marketing imagination _lEspañol |
| 245 | 1 | 0 |
_aComercialización creativa. / _cTheodore Levitt; traducido por Jorge Gutierrez Villarreal. |
| 250 | _a2a ed. | ||
| 260 |
_aMéxico : _bCompañia Editorial Continental, _c1983. |
||
| 300 |
_a191 p. ; _c23 cm. |
||
| 500 | _aTraducido del inglés | ||
| 700 | 1 |
_aGutiérrez Villarreal, Jorge, _etr. _962132 |
|
| 999 |
_c35584 _d35584 |
||